Click the U.S. State's Timezone - Statistics

General Stats
  • This quiz has been taken 9 times
  • The average score is 34 of 50
Answer Stats
Hint Explanation Answer % Correct
Florida Split across EST-CST Eastern
89%
Colorado Mountain
89%
Wyoming Mountain
89%
Arkansas Central
78%
Wisconsin Central
78%
Kansas Split across CST-MST Central
78%
Pennsylvania Eastern
78%
Massachusetts Eastern
78%
New Hampshire Eastern
78%
Vermont Eastern
78%
Georgia Eastern
78%
New Jersey Eastern
78%
West Virginia Eastern
78%
Connecticut Eastern
78%
South Carolina Eastern
78%
New York Eastern
78%
North Carolina Eastern
78%
Maine Eastern
78%
Ohio Eastern
78%
Rhode Island Eastern
78%
Delaware Eastern
78%
Maryland Eastern
78%
Virginia Eastern
78%
Oregon Split across PST-MST Pacific
78%
Minnesota Central
67%
Oklahoma Central
67%
Nebraska Split across CST-MST Central
67%
Iowa Central
67%
Texas Split across CST-MST Central
67%
Mississippi Central
67%
Louisiana Central
67%
South Dakota Split across CST-MST Central
67%
Illinois Central
67%
Kentucky Split across EST-CST Eastern
67%
Michigan Split across EST-CST Eastern
67%
Hawaii Hawaii-Aleutian
67%
New Mexico Mountain
67%
Arizona Mountain
67%
Washington Pacific
67%
California Pacific
67%
Alaska Alaska
56%
North Dakota Split across CST-MST Central
56%
Missouri Central
56%
Utah Mountain
56%
Montana Mountain
56%
Nevada Split across PST-MST Pacific
56%
Tennessee Split across CST-EST Central
44%
Alabama Central
33%
Indiana Split across EST-CST Eastern
33%
Idaho Split across MST-PST Mountain
33%
No matching quizzes found
Score Distribution
Percent of People with Each Score
Percentile by Number Answered
Your Score History
You have not taken this quiz